Machine Gun Kelly Song Quiz (Punk Rock Era) - Statistics

General Stats
  • This quiz has been taken 113 times
  • The average score is 30 of 61
Answer Stats
Hint Answer % Correct
mainstream sellout ay! (feat. Lil Wayne)
82%
Tickets To My Downfall bloody valentine
79%
Tickets To My Downfall forget me too (feat. Halsey)
79%
Tickets To My Downfall title track
79%
Hotel Diablo Glass House (feat. Naomi Wilde)
76%
Tickets To My Downfall kiss kiss
75%
Hotel Diablo I Think I'm OKAY (with YUNGBLUD)
72%
Tickets To My Downfall lonely
71%
Tickets To My Downfall drunk face
69%
Tickets To My Downfall my ex's best friend (with blackbear)
69%
Hotel Diablo el Diablo
68%
Tickets To My Downfall concert for aliens
67%
Tickets To My Downfall play this when i'm gone
64%
Hotel Diablo Candy (feat. Trippie Redd)
63%
mainstream sellout born with horns
60%
mainstream sellout emo girl (feat. WILLOW)
60%
mainstream sellout twin flame
60%
Tickets To My Downfall jawbreaker
58%
Hotel Diablo Hollywood Whore
57%
Tickets To My Downfall all I know (feat. Trippie Redd)
56%
Hotel Diablo FLOOR 13
56%
mainstream sellout mainstream sellout
56%
Tickets To My Downfall nothing inside (feat. iann dior)
54%
Tickets To My Downfall WWIII
54%
mainstream sellout maybe (feat. Bring Me The Horizon)
53%
mainstream sellout make up sex (feat. blackbear)
51%
Hotel Diablo 5:3666 (feat. phem)
50%
Tickets To My Downfall (SOLD OUT Deluxe) body bag (with YUNGBLUD & Bert McCracken)
50%
mainstream sellout papercuts - album edit
50%
lockdown sessions pretty toxic revolver
50%
Hotel Diablo Sex Drive
50%
mainstream sellout 5150
47%
Tickets To My Downfall banyan tree - interlude
47%
mainstream sellout die in california (feat. Gunna, Young Thug & Landon Barker)
47%
lockdown sessions roll the windows up
47%
mainstream sellout WW4
47%
Hotel Diablo Burning Memories (feat. Lil Skies)
44%
Tickets To My Downfall (SOLD OUT Deluxe) hangover cure
44%
Hotel Diablo Death In My Pocket
43%
mainstream sellout drug dealer (feat. Lil Wayne)
43%
mainstream sellout god save me
43%
Hotel Diablo Roulette
43%
lockdown sessions in these walls (my house) (feat. PVRIS)
42%
mainstream sellout sid & nancy
42%
Hotel Diablo Waste Love (feat. Madison Love)
42%
Tickets To My Downfall (SOLD OUT Deluxe) Misery Business
40%
Single more than life (feat. glaive)
40%
Tickets To My Downfall (SOLD OUT Deluxe) split a pill
40%
Single why are you here
40%
Tickets To My Downfall (SOLD OUT Deluxe) can't look back
39%
Tickets To My Downfall kevin and barracuda - interlude
38%
Single love race (feat. Kellin Quinn)
36%
mainstream sellout wall of fame - interlude
31%
Tickets To My Downfall (SOLD OUT Deluxe) bloody valentine - acoustic
29%
Hotel Diablo Truck Norris Interlude
28%
Single DAYWALKER (feat. CORPSE)
24%
Single gfy (with blackbear)
24%
Single Taurus (feat. Naomi Wilde)
21%
Single acting like that (with YUNGBLUD)
13%
Single thought it was (with iann dior)
10%
Hotel Diablo A Message From The Court
6%
No matching quizzes found
Score Distribution
Percent of People with Each Score
Percentile by Number Answered
Your Score History
You have not taken this quiz